000 00895nam a22002537a 4500
001 0000002700
003 PPM
005 20260305091915.0
008 260305b ||||| |||| 00| 0 eng d
020 _cRM 12.00
_qPaperback
035 _a0000002700
040 _aPPM
_bMalay
_cPusat Penyelidikan Mineral, Jabatan Mineral Dan Geosains Malaysia
_dPPM
_erda
082 0 0 _219
_a959.5
_bNEG 1983
245 1 0 _aNegara Kita : Sejarah, Pentadbiran Dan Dasar - Dasar Pembangunan
250 _a2nd ed.
260 1 _aKuala Lumpur :
_bInstitiut Tadbiran Awam Negara (INTAN) ,
_c1983
300 0 0 _a317 pages .:
_bmaps, graph, some colour, illustrations .;
_c24 cm
500 _aSejarah Am Asia (General history of Asia)
504 _aMengandungi rujukan bibliografi
650 1 0 _aCivil service
_zMalaysia
651 1 0 _aMalaysia
_x History
651 2 0 _aMalaysia
_xEconomic policy
942 _2ddc
_cBK
999 _c27164
_d27164